<?xml version="1.0" encoding="UTF-8"?>
<collection xmlns="http://www.loc.gov/MARC21/slim">
 <record>
  <leader>     na                 </leader>
  <controlfield tag="001">INLIS000000001162787</controlfield>
  <controlfield tag="005">20221212115606</controlfield>
  <datafield tag="035" ind1=" " ind2=" ">
   <subfield code="a">0010-1222000023</subfield>
  </datafield>
  <controlfield tag="007">ta</controlfield>
  <controlfield tag="008">221212                e          0 ind  </controlfield>
  <datafield tag="020" ind1=" " ind2=" ">
   <subfield code="a">979-593-245-4</subfield>
  </datafield>
  <datafield tag="082" ind1=" " ind2=" ">
   <subfield code="a">346.02</subfield>
  </datafield>
  <datafield tag="084" ind1=" " ind2=" ">
   <subfield code="a">SR 346.02 RAI m</subfield>
  </datafield>
  <datafield tag="100" ind1="1" ind2=" ">
   <subfield code="a">Rai Widjaya, I.G.</subfield>
  </datafield>
  <datafield tag="245" ind1="1" ind2=" ">
   <subfield code="a">Merancang suatu kontrak (contract drafting) /</subfield>
   <subfield code="c">I.G. Rai Widjaya; penyunting penyelia, Herman Sudrajat; penyunting, Susi Aprilyana</subfield>
  </datafield>
  <datafield tag="250" ind1=" " ind2=" ">
   <subfield code="a">Edisi Revisi</subfield>
  </datafield>
  <datafield tag="300" ind1=" " ind2=" ">
   <subfield code="a">xvii, 238 halaman ;</subfield>
   <subfield code="c">20 cm</subfield>
  </datafield>
  <datafield tag="650" ind1=" " ind2="4">
   <subfield code="a">Kontrak</subfield>
  </datafield>
  <datafield tag="700" ind1="0" ind2=" ">
   <subfield code="a">Herman Sudrajat</subfield>
   <subfield code="e">penyunting penyelia</subfield>
  </datafield>
  <datafield tag="700" ind1="0" ind2=" ">
   <subfield code="a">Susi Aprilyana</subfield>
   <subfield code="e">penyunting</subfield>
  </datafield>
  <datafield tag="520" ind1=" " ind2=" ">
   <subfield code="a">Kontrak harus dibuat dan dirancang dengan mengindahkan ketentuan-ketentuan yang berlaku mempunyai maksud dan tujuan untuk mencegah jangan sampai suatu kontrak yang dibuat menjadi mubazir,batal atau dapat dibatalkan sebelum pelaksanaannya dapat direalisasikan. Sebagaimana diketahui, untuk lahirnya suatu perjanjian sebenarnya tidak dipersyaratkan harus dibuat secara tertulis karena dengan telah tercapainya kesepakatan antara pihak-pihak yang terkontrak tentang hal-hal pokok dari suatu perjanjian lahirlah suatu perjanjian yang sah. Namun ada kecenderungan dalam banyak hal bahwa perjanjian-perjanjian sekarang sengaja dituangkan dalam tulisan. Hal ini tentunya dengan berbagai pertimbangan dan alsan, antara lain untuk membuat dokumen tertulis dengan maksud dapat dipergunakan sebagai alat bukti dalam suatu proses hukum, baik dalam waktu dekat maupun kemudian hari. Dengan kemajuan zaman, tindakan antisipasi amat bermanfaat antara lain demi kepastian hukum, lebih-lebih apabila di kemudian hari ternyata dokumen yang dimiliki dapat dipergunakan sebagai alas hak dan bukti untuk mencegah timbulnya perselisihan dan timbulnya kerugian yang tidak dikehendaki.&#13;
Diharapkan pembahasan buku ini dapat membantu memberikan gambaran yang lebih jelas tentang bagaimana, mengapa dan apa fungsi suatu materi atau alasan-alasan kenapa. Dalam uraian-uraian yang diberikan juga dilengkapi dengan contoh-contoh atau kasus-kasus yang berkaitan dengan subjek terkait.</subfield>
  </datafield>
  <datafield tag="264" ind1=" " ind2=" ">
   <subfield code="a">Jakarta :</subfield>
   <subfield code="b">Kesaint Blanc,</subfield>
   <subfield code="c">2019</subfield>
  </datafield>
  <datafield tag="336" ind1=" " ind2=" ">
   <subfield code="2">rdacontent</subfield>
   <subfield code="a">teks</subfield>
  </datafield>
  <datafield tag="337" ind1=" " ind2=" ">
   <subfield code="2">rdamedia</subfield>
   <subfield code="a">tanpa perantara</subfield>
  </datafield>
  <datafield tag="338" ind1=" " ind2=" ">
   <subfield code="2">rdacarrier</subfield>
   <subfield code="a">volume</subfield>
  </datafield>
  <datafield tag="990" ind1=" " ind2=" ">
   <subfield code="a">50347.63167</subfield>
  </datafield>
  <datafield tag="990" ind1=" " ind2=" ">
   <subfield code="a">50348.63168</subfield>
  </datafield>
  <datafield tag="990" ind1=" " ind2=" ">
   <subfield code="a">50347.63167</subfield>
  </datafield>
  <datafield tag="990" ind1=" " ind2=" ">
   <subfield code="a">50348.63168</subfield>
  </datafield>
  <datafield tag="990" ind1=" " ind2=" ">
   <subfield code="a">50348.63168</subfield>
  </datafield>
  <datafield tag="990" ind1=" " ind2=" ">
   <subfield code="a">50347.63167</subfield>
  </datafield>
 </record>
</collection>
